| 000 | 00393nam a2200169Ia 4500 | ||
|---|---|---|---|
| 008 | 230524s9999 xx 000 0 und d | ||
| 020 | _a8176560316 | ||
| 082 |
_a5.133 _bPET |
||
| 100 | _aEvongelos | ||
| 245 | 0 | _aMastering Visual Basic - 6 | |
| 250 | _a1ST | ||
| 260 |
_aNEW DELHI _bBPB _c1998 |
||
| 300 | _aXXV;1285 | ||
| 500 | _aQuantity Number: 18 | ||
| 650 | _aComp-Sc | ||
| 942 | _cBK | ||
| 999 |
_c15955 _d15955 |
||